Consumer Behaviour. (Record no. 4821)

MARC details
005 - DATE AND TIME OF LATEST TRANSACTION
control field 20250624105357.0
020 ## - INTERNATIONAL STANDARD BOOK NUMBER
International Standard Book Number 978-1-4739-1914-6
082 ## - DEWEY DECIMAL CLASSIFICATION NUMBER
Classification number 658.8342SET
100 ## - MAIN ENTRY--PERSONAL NAME
Author name SETHNA, Z.
245 ## - TITLE STATEMENT
Title Consumer Behaviour.
250 ## - EDITION STATEMENT
Edition statement 3th Ed,
260 ## - PUBLICATION, DISTRIBUTION, ETC.
Place of publication, distribution, etc. London,
Name of publisher, distributor, etc. SETHNA, Z,
Date of publication, distribution, etc. 2016.
300 ## - PHYSICAL DESCRIPTION
Extent xxi, 499p.; ill, figure, picture & table
Other physical details Index & References
Dimensions 24.5cm
700 ## - ADDED ENTRY--PERSONAL NAME
Other authors/Editors BLYTHE, J.
942 ## - ADDED ENTRY ELEMENTS (KOHA)
Source of classification or shelving scheme Dewey Decimal Classification
Koha item type Books
Holdings
Date last seen Total checkouts Full call number Barcode Cost, replacement price Price effective from Koha item type Lost status Source of classification or shelving scheme Damaged status Not for loan Withdrawn status Home library Current library Shelving location Date acquired Cost, normal purchase price
06/24/2025   658.8342 SET DOM0003593 360000.00 06/24/2025 Books   Dewey Decimal Classification       CBE Dodoma CBE Dodoma Special Reserve Collection 09/29/2021 120000.00